000 00662nam a22001697a 4500
005 20251108164354.0
008 250721s1982 xx 000 0 ara d
082 1 4 _a711.40956/خال
100 1 _aالأشعب، خالص
245 1 0 _aالمدينة العربية :
_bالتطور - الوظائف - البنيه و التخطيط /
264 1 _aبغداد :
_bالمنظمه العربيه للتربيه و الثقافه و العلوم - معهد البحوث و الدراسات العربيه،
_c1982.
300 _a157ص : مص
650 1 7 _aتخطيط المدن
650 1 7 _aالبلدان العربية
942 _2ddc
_cBK
999 _c10545
_d10545